000
00335 a2200145 4500
001
176626
020
_a
040
_c
Magnum
100
_a
Byrne, Donn
240
1
0
_a
Gandhi: his life was the message
_l
ING
245
1
0
_a
Gandhi: his life was the message
362
0
_a
1899
697
_a
MAGNITO: LITERATURA ESTRANGEIR
942
_c
BK
999
_c
176626
_d
176626